书目信息 |
| 题名: |
成人教育概论
|
|
| 作者: | 祝捷 著 | |
| 分册: | ||
| 出版信息: | 长春 东北师范大学出版社 2015.3 |
|
| 页数: | 350页 | |
| 开本: | 21cm | |
| 丛书名: | 东北师范大学文库 | |
| 单 册: | ||
| 中图分类: | G720 | |
| 科图分类: | ||
| 主题词: | 成人教育--Cheng Ren Jiao Yu--教育理论 , 教育理论--Jiao Yu Li Lun | |
| 电子资源: | ||
| ISBN: | 978-7-5681-0351-0 | |
| 000 | 01067nam0 22002891 450 | |
| 001 | 350645 | |
| 005 | 20161012082436.60 | |
| 010 | @a978-7-5681-0351-0@dCNY65.00 | |
| 100 | @a20150626d2015 em y0chiy50 ea | |
| 101 | 0 | @achi |
| 102 | @aCN@b220000 | |
| 105 | @ay z 000yy | |
| 106 | @ar | |
| 200 | 1 | @a成人教育概论@ACheng Ren Jiao Yu Gai Lun@f祝捷著 |
| 205 | @a2版 | |
| 210 | @a长春@c东北师范大学出版社@d2015.3 | |
| 215 | @a350页@d21cm | |
| 225 | 2 | @a东北师范大学文库@ADong Bei Shi Fan Da Xue Wen Ku |
| 300 | @a东北师范大学图书出版基金项目 | |
| 330 | @a本书阐述了成人教育的概念及其基本属性,概括梳理了国内关于成人教育发展历史的研究成果,运用系统科学方法,对成人教育系统的要素、结构、功能及其相关性作了完整的论述,对成人教育的产生与发展从实践基础、理论体系、思想脉络三个维度进行了大胆的探索和阐述。 | |
| 461 | 0 | @12001 @a东北师范大学文库 |
| 606 | 0 | @a成人教育@ACheng Ren Jiao Yu@x教育理论 |
| 606 | 0 | @a教育理论@AJiao Yu Li Lun |
| 690 | @aG720@v5 | |
| 701 | 0 | @a祝捷@AZhu Jie@4著 |
| 801 | 0 | @aCN@bTANGWEI@c20160805 |
| 905 | @b0891070-4@dG720@e43=2@f5 | |
| 成人教育概论/祝捷著.-2版.-长春:东北师范大学出版社,2015.3 |
| 350页;21cm.-(东北师范大学文库) |
| 东北师范大学图书出版基金项目 |
| ISBN 978-7-5681-0351-0:CNY65.00 |
| 本书阐述了成人教育的概念及其基本属性,概括梳理了国内关于成人教育发展历史的研究成果,运用系统科学方法,对成人教育系统的要素、结构、功能及其相关性作了完整的论述,对成人教育的产生与发展从实践基础、理论体系、思想脉络三个维度进行了大胆的探索和阐述。 |
| ● |
| 相关链接 |
|
|
|
|
正题名:成人教育概论
索取号:G720/43=2
 
预约/预借
| 序号 | 登录号 | 条形码 | 馆藏地/架位号 | 状态 | 备注 |
| 1 | 0891070 | 208910703 | 第一样本阅览室/ [索取号:G720/43=2] | 在馆 | |
| 2 | 0891071 | 208910712 | 第四借阅区/ [索取号:G720/43=2] | 在馆 | |
| 3 | 0891072 | 208910721 | 第四借阅区/ [索取号:G720/43=2] | 在馆 | |
| 4 | 0891073 | 208910730 | 第四借阅区/ [索取号:G720/43=2] | 在馆 | |
| 5 | 0891074 | 208910749 | 第四借阅区/ [索取号:G720/43=2] | 在馆 |